| 000 | 00914nam0a22002651 4500 | ||
|---|---|---|---|
| 001 | rc\2803321 | ||
| 005 | 20250806210341.0 | ||
| 035 | _a(NLR Aleph) 006929320 | ||
| 090 |
_a34881 _c34881 |
||
| 100 | _a20110915d1944 u y0rusy50 ca | ||
| 101 | 0 | _arus | |
| 102 | _aRU | ||
| 105 | _aa z ||||| | ||
| 200 | 1 |
_aТанк Т-34 _eРегулировка _e[Пособие в помощь курсантам танк. училищ] _fК. Ю. Поливанов, Ф. А. Ванин |
|
| 210 |
_aМосква _cВоен. изд-во _d1944 |
||
| 215 |
_a88 с. _cил., черт. _d16 см. |
||
| 700 | 1 |
_aПоливанов _bК.Ю. _gКонстантин Юрьевич |
|
| 701 | 1 |
_aВанин _bФ.А. |
|
| 801 | 0 |
_aRU _bNLR _gpsbo |
|
| 801 | 1 |
_aRU _bELAR _2rusmarc |
|
| 852 |
_aNLR _jВ60 Г-2/926 |
||
| 942 | _cBOOK | ||
| 945 | _aРоссийская национальная библиотека | ||
| 980 | _aNB | ||
| 980 | _aBV | ||